Kto rýchlo pomáha, dvakrát pomáha

Súčasná kríza vyvolaná pandémiou COVID-19 zasiahla tvrdo azda všetky ekonomiky sveta. Výnimkou nie je ani Slovensko, kde sa karanténa podpíše pod výrazný prepad ekonomiky, čo pocíti väčšina slovenských domácností. Aj keď je ťažké odpovedať na otázku, ako veľmi to domácnosti pocítia, s určitosťou vie...

Descrizione completa

Salvato in:
Dettagli Bibliografici
Autore principale: Cupak, Andrej, 1988-
Altri autori: Jurča, Pavol, Klacso, Ján
Natura: Capitolo di libro
Lingua:slovacco
Soggetti:
Tags: Aggiungi Tag
Nessun Tag, puoi essere il primo ad aggiungerne!!

MARC

LEADER 00000naa a2200000 4500
001 0297451
005 20241106141311.3
041 0 |a slo 
044 |a SK 
245 1 0 |a Kto rýchlo pomáha, dvakrát pomáha  |c Andrej Cupak, Pavol Jurča, Ján Klacso 
520 |a Súčasná kríza vyvolaná pandémiou COVID-19 zasiahla tvrdo azda všetky ekonomiky sveta. Výnimkou nie je ani Slovensko, kde sa karanténa podpíše pod výrazný prepad ekonomiky, čo pocíti väčšina slovenských domácností. Aj keď je ťažké odpovedať na otázku, ako veľmi to domácnosti pocítia, s určitosťou vieme poukázať na pozitívny účinok schválených ako aj rozpracovaných vládnych opatrení. Možnosť odkladu splátok dlhu alebo nájomného, ako aj náhrada príjmu SZČO pri výraznom výpadku tržieb, sa už teraz môže využívať. Na druhej strane, zmiernenie nárokov na získanie podpory v nezamestnanosti je stále iba vo forme splnomocňovacieho ustanovenia. Toto opatrenie sa pritom zdá byť pomerne účinné pri záchrane množstva domácností s finančnými problémami, spolu s možným zvýšením dávky v hmotnej núdzi na úroveň životného minima. 
610 2 0 |a pandémia 
610 2 0 |a nezamestnanosť 
610 2 0 |a domácnosti 
610 2 0 |a príjmy 
100 1 |a Cupak, Andrej, 1988- 
700 1 |a Jurča, Pavol 
700 1 |a Klacso, Ján